|
|
|
|
| LEADER |
00000nam0a2200000 4500 |
| 001 |
308247 |
| 005 |
20231102002056.0 |
| 020 |
|
|
|a RU
|b 81-85264
|
| 035 |
|
|
|a (RuTPU)RU\TPU\book\333556
|
| 090 |
|
|
|a 308247
|
| 100 |
|
|
|a 20151029d1981 km y0rusy5003 ca
|
| 101 |
0 |
|
|a rus
|
| 102 |
|
|
|a UA
|
| 105 |
|
|
|a a z 001zy
|
| 200 |
1 |
|
|a Живое глазами химика
|f Е. П. Несынов
|
| 210 |
|
|
|a Киев
|c Наукова думка
|d 1981
|
| 215 |
|
|
|a 150 с.
|c ил.
|d 20 см.
|
| 225 |
1 |
|
|a Научно-популярная литература
|
| 320 |
|
|
|a Библиогр.: с. 147-149
|
| 606 |
1 |
|
|a Биоорганическая химия
|x (биология)
|2 stltpush
|3 (RuTPU)RU\TPU\subj\64570
|9 81418
|
| 610 |
1 |
|
|a биологический мир
|
| 610 |
1 |
|
|a среда обитания
|
| 610 |
1 |
|
|a патология
|
| 610 |
1 |
|
|a живая материя
|
| 610 |
1 |
|
|a болезни
|
| 610 |
1 |
|
|a метаболизм
|
| 610 |
1 |
|
|a нарушение
|
| 610 |
1 |
|
|a научно-популярная литература
|
| 675 |
|
|
|a 577.1
|z rus
|v 4
|
| 700 |
|
1 |
|a Несынов
|b Е. П.
|4 070
|
| 801 |
|
0 |
|a RU
|b RuMRKP
|c 19950704
|g psbo
|
| 801 |
|
1 |
|a RU
|b 63413507
|c 20151029
|
| 801 |
|
2 |
|a RU
|b 63413507
|c 20171013
|g RCR
|
| 942 |
|
|
|c BK
|